000 00710nas a2200241 4500
001 BR0800367
003 BR-BrBNA
005 20231205111454.0
007 ta
008 230509b bl.|||p| |||| 00| 00por d
040 _aBR-BrBNA
_bpor
_cBiblioteca Nacional de Agricultura
041 _a(Pt)
072 _aL73
100 1 _aAlberton, G.C.
100 1 _aWerner, P.R.
245 1 _aInfecção urinária em porcas - revisão
650 _aSUÍNO
650 _aINFECÇÃO
650 _aURINA
773 0 _tArquivos de Ciências Veterinárias e Zoologia da UNIPAR (Brazil)
_xISSN 1415-8167
_g(Jul-Dec 1998), v. 1(1) p. 71-81
_wBR0800367
909 _a202311
_bLúcia
_c55
_dLúcia Elande
942 _2AGRIS
_n0
_cANA
999 _c192931
_d192931